000 00270nam a2200097Ia 4500
001 983580
005 20250826221008.0
008 250824s9999 xx 000 0 und d
245 0 _aAcayip Yarışmalar Diyarı / Uzay Maceraları
_cNazlı Aspay Şener
260 _bGENÇ HAYAT
999 _c983580
_d983580